History Quiz

Random History Quiz

HCHS Economists Quiz Stats

 Plays Quiz not verified by Sporcle

Also try: War Bunker
Challenge
Share
Tweet
Embed
Score 0/32 Timer 10:00
0 Plays Today
% Correct
Adam Smith
85.4%
Adam Smith
83.9%
David Hume
78.9%
Paul Krugman
77.8%
Paul Krugman
77.4%
Paul Krugman
76.6%
Adam Smith
75.1%
David Hume
73.9%
Adam Smith
73.9%
David Ricardo
71.3%
Paul Krugman
67.4%
John Kenneth Galbraith
66.3%
Milton Friedman
65.9%
Thorstein Veblen
65.1%
Paul Krugman
65.1%
John Maynard Keynes
62.8%
% Correct
Thorstein Veblen
62.5%
Milton Friedman
61.7%
David Ricardo
60.5%
David Hume
60.2%
John Maynard Keynes
60.2%
John Maynard Keynes
59%
John Kenneth Galbraith
59%
David Hume
58.2%
Paul Krugman
58.2%
David Ricardo
57.9%
Thorstein Veblen
57.9%
James Tobin
57.9%
Milton Friedman
54.8%
John Kenneth Galbraith
53.3%
Thorstein Veblen
49.8%
John Kenneth Galbraith
48.3%

You're not logged in!

Compare scores with friends on all Sporcle quizzes.
Join for Free
OR
Log In

You Might Also Like...

Show Comments

Extras

Created Nov 15, 2012ReportNominate
Tags:economics, economist

Top Quizzes Today


Score Distribution

Your Account Isn't Verified!

In order to create a playlist on Sporcle, you need to verify the email address you used during registration. Go to your Sporcle Settings to finish the process.

Report this User

Report this user for behavior that violates our Community Guidelines.

Details: